000 00291nam a22001337a 4500
008 170612b xxu||||| |||| 00| 0 eng d
020 _a0316828831
041 _aeng
080 _a94
100 _a18
101 _aSHH
245 _aTHE LAST VOYAGE OF COLUMBUS
_cDUGARD,M
942 _2udc
_cBK
999 _c16839
_d16839